000 00657nam a2200217 a 4500
001 21350
003 BD-RjUL
005 20250204111303.0
008 140304m19721378enk 000 1 eng d
035 _a(BD-RjUL)21414
040 _aYUS
_cYUS
_dOCL
_dMYG
_dBD-RjUL
_beng
041 _aeng
082 _223
_a852.008
_bCHT 1990
100 1 _aChowdhury, munier
_d1899-1973.
_966002
245 1 0 _a Three Plays /
_cmunier Chowdhury; translated by kabir chowdhury.
260 _aBangladesh :
_bBengali academy,
_c1378,1972,1990
300 _a76 p. :
_c22 cm.
650 _a Italian drama.
_966003
700 1 _aCowdhury,Kabir
_d1899-1973.
_914887
942 _2ddc
_cBK
999 _c21350
_d21350